LEADER 01710nam2 22003853i 450 001 CAG0002753 005 20251003044101.0 020 $aIT$b79-6851 100 $a19920910d1979 ||||0itac50 ba 101 | $aita 102 $ait 181 1$6z01$ai $bxxxe 182 1$6z01$an 200 0 $a1 210 $aNapoli$cEdizioni scientifiche italiane$d1979 215 $a445 p.$d25 cm. 461 1$1001MIL0040357$12001 $aˆLa ‰corte dei conti strumento di attuazione della costituzione nella materia della finanza pubblica$eatti del convegno "Corte dei conti e finanza pubblica"$eNapoli-Salerno, 19-21 gennaio 1979 606 $aCorte dei conti$xFunzioni di controllo$xCongressi$x1979$2FIR$3SBLC041881$9I 606 $aCorte dei conti$xFunzioni di controllo$xCongressi$x1979$2FIR$3SBLC041881$9I 676 $a343.450340269$9DIRITTO FINANZIARIO. ITALIA$v21 696 $aConvegni$aCongressi e convegni$aFunzioni$aControllo 696 $aConvegni$aCongressi e convegni$aFunzioni$aControllo 699 $aCongressi$yConvegni 699 $aCongressi$yCongressi e convegni 699 $aFunzioni di controllo$xFunzioni$xControllo 699 $aCongressi$yConvegni 699 $aCongressi$yCongressi e convegni 699 $aFunzioni di controllo$xFunzioni$xControllo 801 3$aIT$bIT-000000$c19920910 850 $aIT-BN0095 $aIT-NA0070 $aIT-NA0452 $aIT-BN0015 912 $aCAG0002753 950 2$aBiblioteca Centralizzata di Ateneo$cv. 1-2$d 01D (AR) 1 850$e 01AR 0070018505 VMA (0001 v. 1$fY $h20120926$i20120926 977 $a 01$a BU$a IS$a PB 996 $a1$961339 997 $aUNISANNIO